000 00411nam a2200145 i 4500
001 54099
003 ES-MaACL
007 t|
008 031126s1884 fr ||||1| fre d
100 1 _aFerron, H. de.
_950600
245 1 0 _aInstitutions municipales et provinciales comparées /
_cpar H. de Ferron.
260 _aParis :
_bFélix Alcan,
_c1884.
300 _aXIV, 576 p. ;
_c22 cm.
852 _aES-MaACL
_jG-13789
999 _c54099
_d54099